000 01609nam a2200349 a 4500
999 _c207557
_d207557
003 BLK
005 20250201123227.0
008 180411b bul|||||r ||||||| ||bul||
010 _aKNG00217324000
040 _aBLK
041 _aBUL
_cBUL
080 _aРезервати и други защитени територии (в цялост) и тяхната организация - Геологически, географски и ландшафтни резервати вж 502.6 ; Резервати на живата природа вж 502.7; Ловни територии вж 639.1
_b502.4
_x(100)((02.053.2)
_z502.4(100)((02.053.2)
100 1 _aРусанов, Любомир Кирилов
_9117434
139 _aРусанов, Любомир Кирилов
_bР 93
245 1 0 _aНай-известните природни чудеса на света
_cЛюбомир Кирилов Русанов.
257 _aBGR
260 _c2017
_9209558
_aСофия
_bПАН
300 _a48 с.
_bс цв. ил.
_c29 см
380 _aDN
650 7 _9167864
_aПриродни забележителности
650 7 _9156309
_aИздания - за деца
653 7 _9194561
_aприродни забележителности
653 7 _9184826
_aдетска литература
700 _aКръстев, Венцислав
_9292551
856 4 _qpdf
856 4 _qpdf
942 _cKNG
_n0
_012
944 _aCR
_c21.03.2018
_k30552
_lВиолета Тройчева
944 _aED
_c27.03.2018
_kВиолета_Тройчева
999 _d207557
999 _d207557